Orígenes y fundamentos del cristianismo / (Record no. 86646)

MARC details
000 -LEADER
campo de control de longitud fija 00767nam a2200229 i 4500
001 - NÚMERO DE CONTROL
campo de control 86646
003 - IDENTIFICADOR DE NÚMERO DE CONTROL
campo de control ES-MaACL
005 - FECHA Y HORA DE LA ÚLTIMA TRANSACCIÓN
campo de control 20250801034158.0
007 - CAMPO FIJO DE DESCRIPCIÓN FÍSICA--INFORMACIÓN GENERAL
campo de control de longitud fija t|
008 - DATOS DE LONGITUD FIJA--INFORMACIÓN GENERAL
campo de control de longitud fija 041214s1974 sp ||||1| spa d
100 1# - ENTRADA PRINCIPAL--NOMBRE DE PERSONA
Nombre de persona Kautsky, Karl.
9 (RLIN) 67661
245 10 - MENCIÓN DEL TÍTULO
Título Orígenes y fundamentos del cristianismo /
Mención de responsabilidad, etc. Karl Kautsky ; introducción de Jesús Muga ; [tradujo, Diego Rosado de la Espada].
260 ## - PUBLICACIÓN, DISTRIBUCIÓN, ETC.
Lugar de publicación, distribución, etc. Salamanca :
Nombre del editor, distribuidor, etc. Sígueme,
Fecha de publicación, distribución, etc. 1974.
300 ## - DESCRIPCIÓN FÍSICA
Extensión 435 p. ;
Dimensiones 23 cm.
490 1# - MENCIÓN DE SERIE
Mención de serie Ágora. Crítica, religión, sociedad
650 #7 - PUNTO DE ACCESO ADICIONAL DE MATERIA--TÉRMINO DE MATERIA
Término de materia o nombre geográfico como elemento de entrada Cristianismo
Fuente del encabezamiento o término embne
9 (RLIN) 11425
700 1# - ENTRADA AGREGADA--NOMBRE PERSONAL
Nombre de persona Muga, Jesús.
9 (RLIN) 84053
700 1# - ENTRADA AGREGADA--NOMBRE PERSONAL
Nombre de persona Rosado de la Espada, Diego.
9 (RLIN) 99625
830 1# - PUNTO DE ACCESO ADICIONAL DE SERIE-TÍTULO UNIFORME
Título uniforme Ágora. Crítica, religión, sociedad
9 (RLIN) 181030
852 ## - LOCALIZACIÓN
Ubicación ES-MaACL
Número de control de estantería E-6283
Holdings
Estatus retirado Estado de pérdida Estado de daño No para préstamo Biblioteca de origen Biblioteca actual Ubicación en estantería Fecha de adquisición Fuente de adquisición Total de préstamos Signatura topográfica completa Código de barras Visto por última vez Precio de reemplazo Tipo de ítem Koha
        Biblioteca del Ateneo de Madrid Biblioteca del Ateneo de Madrid Depósito 2 17/01/2008     E-6283 1090531 23/02/2023 23/02/2023 Libro impreso